书目信息 |
| 题名: |
制冷原理及设备
|
|
| 作者: | 吴业正 , 韩宝琦 编 | |
| 分册: | ||
| 出版信息: | 西安 西安交通大学出版社 1987.9 |
|
| 页数: | 342页 | |
| 开本: | 26cm | |
| 丛书名: | ||
| 单 册: | ||
| 中图分类: | TB6 | |
| 科图分类: | ||
| 主题词: | 制冷工程 | |
| 电子资源: | ||
| ISBN: | ||
| 000 | 00576nam0 2200205 45 | |
| 001 | 0312221749 | |
| 005 | 20031222170907.8 | |
| 010 | @dCNY3.65 | |
| 100 | @a20031222d1987 km y0chiy0120 ea | |
| 101 | @achi | |
| 105 | @a z 000yy | |
| 200 | 1 | @a制冷原理及设备@AZhi Leng Yuan Li Ji She Bei@f吴业正,韩宝琦等编@FWu Ye Zheng,Han Bao Qi Deng Bian |
| 210 | @a西安@c西安交通大学出版社@d1987.9 | |
| 215 | @a342页@d26cm | |
| 606 | 0 | @a制冷工程 |
| 690 | @aTB6@v3 | |
| 701 | 0 | @a吴业正@4编 |
| 701 | 0 | @a韩宝琦@4编 |
| 801 | @aCN@bTSTCL@c20031222 | |
| 905 | @a213230@dTB6@e12@b216646@f1 | |
| 制冷原理及设备/吴业正,韩宝琦等编.-西安:西安交通大学出版社,1987.9 |
| 342页;26cm |
| ISBN :CNY3.65 |
| ● |
| 相关链接 |
|
|
|
|
正题名:制冷原理及设备
索取号:TB6/12
 
预约/预借
| 序号 | 登录号 | 条形码 | 馆藏地/架位号 | 状态 | 备注 |
| 1 | 0216646 | 001357971 | 第二样本阅览室/ [索取号:TB6/12] | 在馆 |